CDMA: access and switching : for terrestrial and satellite networks (Record no. 8380)
[ view plain ]
| 000 -LEADER | |
|---|---|
| fixed length control field | 00838 a2200193 4500 |
| 020 ## - INTERNATIONAL STANDARD BOOK NUMBER | |
| International Standard Book Number | 0471491845 |
| 040 ## - CATALOGING SOURCE | |
| Original cataloging agency | DLC |
| Language of cataloging | DLC |
| 082 00 - DEWEY DECIMAL CLASSIFICATION NUMBER | |
| Classification number | 621.3845 |
| 100 1# - MAIN ENTRY--PERSONAL NAME | |
| Personal name | Gerakoulis, Diakoumis P. |
| 245 10 - TITLE STATEMENT | |
| Title | CDMA: access and switching : for terrestrial and satellite networks |
| Remainder of title | access and switching : for terrestrial and satellite networks |
| Statement of responsibility, etc. | Diakoumis Gerakoulis, Evaggelos Geraniotis. |
| 260 ## - PUBLICATION, DISTRIBUTION, ETC. | |
| Place of publication, distribution, etc. | Chichester ; |
| -- | New York : |
| Name of publisher, distributor, etc. | John Wiley, |
| Date of publication, distribution, etc. | c2001. |
| 300 ## - PHYSICAL DESCRIPTION | |
| Extent | x, 270 p. : |
| Other physical details | ill. ; |
| Dimensions | 25 cm. |
| 650 #0 - SUBJECT ADDED ENTRY--TOPICAL TERM | |
| Topical term or geographic name entry element | Code division multiple access. |
| 650 #0 - SUBJECT ADDED ENTRY--TOPICAL TERM | |
| Topical term or geographic name entry element | Artificial satellites in telecommunication. |
| 700 1# - ADDED ENTRY--PERSONAL NAME | |
| Personal name | Geraniotis, Evaggelos. |
| 856 42 - ELECTRONIC LOCATION AND ACCESS | |
| Materials specified | Publisher description |
| Uniform Resource Identifier | <a href="http://www.loc.gov/catdir/description/wiley0310/00047751.html">http://www.loc.gov/catdir/description/wiley0310/00047751.html</a> |
| 856 42 - ELECTRONIC LOCATION AND ACCESS | |
| Materials specified | Table of Contents |
| Uniform Resource Identifier | <a href="http://www.loc.gov/catdir/toc/onix05/00047751.html">http://www.loc.gov/catdir/toc/onix05/00047751.html</a> |
| 942 ## - ADDED ENTRY ELEMENTS (KOHA) | |
| Koha item type | Book |
| Call number prefix | 621.3845 |
| Source of classification or shelving scheme | |
| Withdrawn status | Lost status | Damaged status | Not for loan | Collection code | Permanent Location | Current Location | Shelving location | Date acquired | Source of acquisition | Cost, normal purchase price | Total Checkouts | Full call number | Barcode | Date last seen | Price effective from | Koha item type |
|---|---|---|---|---|---|---|---|---|---|---|---|---|---|---|---|---|
| Central Library (CL) | Central Library (CL) | General Stacks | 08/27/2005 | Academic Book company | 7577.51 | 621.3845 | SEECS006363 | 11/14/2012 | 01/05/2017 | Book |
